00498nam a2200169Ia 4500100002500000650001000025942000700035366000700042654002200049245003500071260002200106082001500128300000800143546001200151999001700163952014800180 aMasters/Jon/ Blum/R  aLinux cBK f20 alinux programming aProfessional Linux programming bWiley Indiac2007 a5.133bMAS a465 aENGLISH c25637d25637 001040708CRCaCRCEbCRCEd2023-03-17eDharma Enterprisesg359.20i299 dt 28/04/2009l0o5.133 MASp20108r2023-03-17v449.00w0000-00-00yBK